Statistiques concernant Tour de Romandie - Vainqueurs

Cliquez ici pour prendre le quiz!

Statistiques générales

  • Ce quiz a été pris 23 fois
  • Le résultat moyen est 23 sur 76

Statistiques - réponses

HintRéponse% Correct
2014Royaume UniChristopher Froome
89%
2013Royaume UniChristopher Froome
89%
2019SlovéniePrimoz Roglic
89%
2018SlovéniePrimoz Roglic
89%
2022RussieAleksander Vlasov
83%
1980FranceBernard Hinault
78%
2006AustralieCadel Evans
78%
2011AustralieCadel Evans
78%
2023Royaume UniAdam Yates
72%
1968BelgiqueEddy Merckx
72%
2021Royaume UniGeraint Thomas
72%
2016ColombieNairo Quintana
72%
2012Royaume UniBradley Wiggins
61%
1999FranceLaurent Jalabert
56%
2017AustralieRichie Porte
44%
1987IrlandeStephen Roche
44%
1983IrlandeStephen Roche
44%
1984IrlandeStephen Roche
44%
1972FranceBernard Thevenet
33%
1969ItalieFelice Gimondi
33%
1948SuisseFerdi Kübler
33%
1951SuisseFerdi Kübler
33%
1949ItalieGino Bartali
33%
1953SuisseHugo Koblet
33%
2010SlovénieSimon Spilak
33%
1971ItalieGianni Motta
28%
1966ItalieGianni Motta
28%
1998SuisseLaurent Dufaux
28%
1995SuisseTony Rominger
28%
1991SuisseTony Rominger
28%
1967ItalieVittorio Adorni
28%
1965ItalieVittorio Adorni
28%
2008AllemagneAndreas Klöden
22%
2015RussieIlnur Zakarine
22%
1974Pays-BasJoop Zoetemelk
22%
2000ItaliePaolo Savoldelli
22%
1994SuissePascal Richard
22%
1993SuissePascal Richard
22%
2009TchéquieRoman Kreuziger
22%
2005ColombieSantiago Botero
22%
2003États-UnisTyler Hamilton
22%
2004États-UnisTyler Hamilton
22%
1996EspagneAbraham Olano
17%
1992États-UnisAndrew Hampsten
17%
1990FranceCharly Mottet
17%
2001ItalieDario Frigo
17%
2002ItalieDario Frigo
17%
1947BelgiqueDésiré Keteleer
17%
1975EspagneFrancisco Galdos
17%
1979ItalieGiuseppe Saronni
17%
1954FranceJean Forestier
17%
1957FranceJean Forestier
17%
1985SuisseJorg Muller
17%
1997RussiePavel Tonkov
17%
1989AustraliePhil Anderson
17%
1986BelgiqueClaude Criquielion
11%
1970SuèdeGosta Pettersson
11%
1962ItalieGuido De Rosso
11%
1959SuisseKurt Gimmi
11%
2007Pays-BasThomas Dekker
11%
1981SuèdeTommy Prim
11%
1950FranceEdouard Fachleitner
6%
1988Pays-BasGerard Veldscholten
6%
1977ItalieGianbattista Baronchelli
6%
1958FranceGilbert Bauvin
6%
1976BelgiqueJohan De Muynck
6%
1978Pays-BasJohan van der Velde
6%
1982NorvègeJostein Wilmann
6%
1961FranceLouis Rostollan
6%
1960FranceLouis Rostollan
6%
1956ItaliePasquale Fornara
6%
1955SuisseRené Strehler
6%
1964SuisseRolf Maurer
6%
1973BelgiqueWilfried David
6%
1963BelgiqueWilly Bocklant
6%
1952Pays-BasWout Wagtmans
6%

Distribution des résultats

Percentile par nombre de réponses

% des personnes avec chaque résultat

Votre développement - résultats

Vous n’avez pas pris ce quiz